<?xml version="1.0" encoding="UTF-8"?>
<record
    xmlns:xsi="http://www.w3.org/2001/XMLSchema-instance"
    xsi:schemaLocation="http://www.loc.gov/MARC21/slim http://www.loc.gov/standards/marcxml/schema/MARC21slim.xsd"
    xmlns="http://www.loc.gov/MARC21/slim">

  <leader>01288nam a2200181Ia 4500</leader>
  <controlfield tag="008">230520s9999    xx            000 0 und d</controlfield>
  <datafield tag="020" ind1=" " ind2=" ">
    <subfield code="a">97803101059920310105994</subfield>
  </datafield>
  <datafield tag="041" ind1=" " ind2=" ">
    <subfield code="a">eng</subfield>
  </datafield>
  <datafield tag="050" ind1=" " ind2=" ">
    <subfield code="a">BS2556 </subfield>
    <subfield code="b">.M36 2019</subfield>
  </datafield>
  <datafield tag="100" ind1=" " ind2=" ">
    <subfield code="a">McKnight, Scot</subfield>
  </datafield>
  <datafield tag="245" ind1=" " ind2="0">
    <subfield code="a">Following King Jesus : </subfield>
    <subfield code="b">How to Know, Read, Live, and Show the Gospel /</subfield>
    <subfield code="c">Scot McKnight, Becky Castle Miller</subfield>
  </datafield>
  <datafield tag="260" ind1=" " ind2=" ">
    <subfield code="a">Grand Rapids, Mich. : </subfield>
    <subfield code="b">Zondervan, </subfield>
    <subfield code="c">2009 </subfield>
  </datafield>
  <datafield tag="300" ind1=" " ind2=" ">
    <subfield code="a">208 p. </subfield>
    <subfield code="b">; </subfield>
    <subfield code="c">24 cm.</subfield>
  </datafield>
  <datafield tag="505" ind1=" " ind2=" ">
    <subfield code="a">Knowing the gospel. What is the gospel? ; The apostolic gospel of Paul ; The gospel of Jesus ; The gospel of Peter ; What is gospeling today? ; How do we create a gospel culture? -- Reading the gospel. What is the Bible? ; How are we to live the Bible? ; How should we read the Bible? ; How do we listen to the Bible? ; How do we read the BIble as story? ; Now what? -- Living the gospel. Kingdom life ; Love life ; Justice life ; Wisdom life ; Vocation life ; Eternity life -- Showing the gospel. Grace ; Love ; Table ; Holiness ; Newness ; Flourishing -- Appendix. How to facilitate a small group study of Following King Jesus.</subfield>
  </datafield>
  <datafield tag="650" ind1=" " ind2=" ">
    <subfield code="a">Bible. Gospels--Study and teaching.Christian life--Study and teaching.Discipling (Christianity)--Study and teaching.</subfield>
  </datafield>
  <datafield tag="700" ind1=" " ind2=" ">
    <subfield code="a">Miller, Becky Castle </subfield>
  </datafield>
  <datafield tag="952" ind1=" " ind2=" ">
    <subfield code="0">0</subfield>
    <subfield code="1">0</subfield>
    <subfield code="4">0</subfield>
    <subfield code="7">0</subfield>
    <subfield code="a">GETS</subfield>
    <subfield code="b">GETS</subfield>
    <subfield code="c"> GEN</subfield>
    <subfield code="d">2023-05-20</subfield>
    <subfield code="g">19.99</subfield>
    <subfield code="l">0</subfield>
    <subfield code="o">BS2556 .M36 2019</subfield>
    <subfield code="p">00030429</subfield>
    <subfield code="r">2023-05-20 00:00:00</subfield>
    <subfield code="w">2023-05-20</subfield>
    <subfield code="y">BK</subfield>
  </datafield>
  <datafield tag="999" ind1=" " ind2=" ">
    <subfield code="c">43486</subfield>
    <subfield code="d">43486</subfield>
  </datafield>
</record>
